[Event "Oberliga Baden 2223"]
[Site "Germany"]
[Date "2023.03.19"]
[Round "8.6"]
[White "Fidlin, Simon"]
[Black "Ptak, Ferdinand"]
[Result "1/2-1/2"]
[WhiteElo "2058"]
[BlackElo "2070"]
[PlyCount "94"]
[EventDate "2022.09.18"]
[EventType "team-tourn"]
[EventRounds "9"]
[EventCountry "GER"]
[SourceTitle "EXT 2024"]
[Source "ChessBase"]
[SourceDate "2023.10.10"]
[SourceVersion "1"]
[SourceVersionDate "2023.10.10"]
[SourceQuality "1"]
[WhiteTeam "Karlsruhe"]
[BlackTeam "Hockenheim"]
[WhiteTeamCountry "GER"]
[BlackTeamCountry "GER"]

1. e4 c5 2. Nf3 Nc6 3. Nc3 e5 4. Bc4 g6 5. d3 h6 6. Be3 d6 7. Nd5 Bg7 8. c3 Nf6 9. 0-0 0-0 10. h3 Rb8 11. a4 b6 12. Nh2 Nxd5 13. Bxd5 Ne7 14. Ba2 Kh7 15. f4 f5 16. Qd2 Bb7 17. Rad1 Qd7 18. Qc2 Bc6 19. b3 Qb7 20. Bb1 d5 21. fxe5 dxe4 22. dxe4 Bxe4 23. Qf2 Bxb1 24. Rxb1 Nd5 25. Rbc1 Bxe5 26. Nf3 Nxe3 27. Qxe3 Bg7 28. Rfe1 Qf7 29. c4 Rfe8 30. Qf4 Rxe1+ 31. Rxe1 Re8 32. Rxe8 Qxe8 33. Kh2 Qe7 34. h4 Qd7 35. Qe3 Qc7+ 36. Kh3 Qd7 37. Kh2 Bf6 38. Qf4 Bd8 39. Qe3 Bc7+ 40. g3 Qd6 41. Kh1 Kg7 42. Qe8 Qd1+ 43. Kg2 Qd6 44. Kh1 Qd8 45. Qe1 Kf7 46. Qe3 Qd1+ 47. Kg2 Qd6 1/2-1/2

[Event "Vienna Husek op-B"]
[Site "Vienna"]
[Date "2012.08.19"]
[Round "7"]
[White "Geyer, Guenter"]
[Black "Ptak, Ferdinand"]
[Result "1/2-1/2"]
[WhiteElo "1860"]
[BlackElo "1776"]
[PlyCount "30"]
[EventDate "2012.08.13"]
[EventType "swiss"]
[EventRounds "7"]
[EventCountry "AUT"]
[SourceTitle "EXT 2014"]
[Source "ChessBase"]
[SourceDate "2013.11.20"]
[SourceVersion "1"]
[SourceVersionDate "2013.11.20"]
[SourceQuality "1"]

1. d4 Nf6 2. Nf3 e6 3. Bf4 b6 4. e3 Bb7 5. Bd3 c5 6. c3 Be7 7. Nbd2 0-0 8. Qc2 d6 9. Ne4 Nxe4 10. Bxe4 Bxe4 11. Qxe4 Nd7 12. 0-0 Rc8 13. Rfd1 cxd4 14. cxd4 Qc7 15. Ne1 Nf6 1/2-1/2